Statistics for Countries that contain the letter W

Click here to take the quiz!

General Stats

  • This quiz has been taken 43 times
  • The average score is 10 of 12

Answer Stats

ContinentHintAnswer% Correct
Europe2nd letterSweden
100%
Africa2nd letterRwanda
95%
Europe2nd letterSwitzerland
95%
Africa3rd letterEswatini
89%
Oceania3rd letterNew Zealand
89%
Africa5th letterMalawi
87%
Europe4th letterNorway
84%
Oceania8th letter (It is a 3 word country)Papua New Guinea
84%
Africa7th letterZimbabwe
79%
Asia4th letterTaiwan
76%
Africa5th letterBotswana
74%
Asia3rd letterKuwait
74%

Score Distribution

Percentile by Number Answered

Percent of People with Each Score

Your Score History

You have not taken this quiz